Cost accounting : (Record no. 633)

000 -LEADER
fixed length control field 01022cam a2200325 a 4500
003 - CONTROL NUMBER IDENTIFIER
control field CaOOAMICUS
005 - DATE AND TIME OF LATEST TRANSACTION
control field 20210616074652.0
008 - FIXED-LENGTH DATA ELEMENTS--GENERAL INFORMATION
fixed length control field 090924s2010 onca b 001 0 eng
020 ## - INTERNATIONAL STANDARD BOOK NUMBER
International Standard Book Number 9780135004937
020 ## - INTERNATIONAL STANDARD BOOK NUMBER
International Standard Book Number 0135004934
040 ## - CATALOGING SOURCE
Transcribing agency CaOONL
050 #4 - LIBRARY OF CONGRESS CALL NUMBER
Classification number HF5686.C8
Item number .C67 2010
050 #4 - LIBRARY OF CONGRESS CALL NUMBER
Classification number HF5686.C8
Item number .H59 2010
090 ## - LOCALLY ASSIGNED LC-TYPE CALL NUMBER (OCLC); LOCAL CALL NUMBER (RLIN)
Classification number (OCLC) (R) ; Classification number, CALL (RLIN) (NR) 658.1552 COS
090 ## - LOCALLY ASSIGNED LC-TYPE CALL NUMBER (OCLC); LOCAL CALL NUMBER (RLIN)
Classification number (OCLC) (R) ; Classification number, CALL (RLIN) (NR) 658.1552 C5845 2010
245 00 - TITLE STATEMENT
Title Cost accounting :
Remainder of title a managerial emphasis /
Statement of responsibility, etc. Charles T. Horngren ... [and others].
250 ## - EDITION STATEMENT
Edition statement Fifth Canadian edition
260 ## - PUBLICATION, DISTRIBUTION, ETC.
Place of publication, distribution, etc. Toronto :
Name of publisher, distributor, etc. Pearson Canada,
Date of publication, distribution, etc. c2010.
300 ## - PHYSICAL DESCRIPTION
Extent xxx, 1182, [27] pages :
Other physical details color illustrations
336 ## - CONTENT TYPE
Content type term text
Content type code txt
Source rdacontent
337 ## - MEDIA TYPE
Media type term unmediated
Media type code n
Source rdamedia
338 ## - CARRIER TYPE
Carrier type term volume
Carrier type code nc
Source rdacarrier
504 ## - BIBLIOGRAPHY, ETC. NOTE
Bibliography, etc. note Includes bibliographical references and indexes.
650 #0 - SUBJECT ADDED ENTRY--TOPICAL TERM
Topical term or geographic name entry element Cost accounting.
650 #0 - SUBJECT ADDED ENTRY--TOPICAL TERM
Topical term or geographic name entry element Costs, Industrial.
700 1# - ADDED ENTRY--PERSONAL NAME
Personal name Horngren, Charles T.,
Dates associated with a name 1926-2011
942 ## - ADDED ENTRY ELEMENTS (KOHA)
Source of classification or shelving scheme
Koha item type Book
Suppress in OPAC DO
Holdings
Withdrawn status Lost status Source of classification or shelving scheme Damaged status Not for loan Permanent Location Current Location Shelving location Date acquired Total Checkouts Full call number Barcode Date last seen Price effective from Koha item type Public note
          AU LIBRARY AU LIBRARY Open Shelf 16.06.2021   HF5686.C8 .C67 2010 28000672 16.06.2021 16.06.2021 Book DO

Powered by Koha